| Registos Bibliográficos associados ao registo de autoridade |
|
Etiqueta de registo: 00000nkm 2200025 450 001 2256183 003 http://id.bnportugal.gov.pt/bib/catbnp/2256183 100 ## $a20260128d1988 m y0pory01030103ba 101 0# $apor 102 ## $aPT 200 1# $a3.º Salão Nacional de Videocassestes - Expovídeo 88, Forum Picoas, 24 - 27 setembro
88$bVisual gráfico]$fSocedite 210 #9 $aLisboa$cSocedite,$d1988 215 ## $a1 cartaz$ccolor.$d61x43 cm 317 ## $aColeção Madeira Luís 675 ## $a766(=1:469)"1988"(084.5)$vBN$zpor$31811746 710 02 $aSalão Nacional de Videocassestes,$d3,$e[Lisboa],$f1988$31994144 712 02 $aSocedite$3180603 801 #0 $aPT$bBN$gRPC 966 ## $lBN$mICONOG$sCT. 18231 A.$x3 971 ## $cCaticonografia7$d20260128 995 ## $aPRR2026 $d20260128$iCaticonografia7
|
|
|